000 00472nam a22001817a 4500
003 OSt
005 20160630180236.0
008 160412b xxu||||| |||| 00| 0 eng d
020 _a 9780078110993; 0078110998.
040 _cDDC.
082 _a336.2 FUN 2011
100 _aCruz;Deschamps[et......al]
_97783
245 _aFundamentals of Taxation.
260 _aIndia.
_bMcGraw-Hill;
_c2011
504 _aincludes index.
650 _aTaxation.
_91362
942 _2ddc
_cSLOAN
999 _c3483
_d3483